| 000 | 00722nam a2200229 a 4500 | ||
|---|---|---|---|
| 001 | BRL_731 | ||
| 005 | 20190320210854.0 | ||
| 008 | 300913s1945----mx-#######---#000-1#spa-# | ||
| 041 | _aspa | ||
| 044 | _amx | ||
| 050 | 4 |
_aPT2625.A44 _b.M36 1945 |
|
| 100 | 1 |
_aMann, Thomas _d1875-1955 _924777 |
|
| 245 | 1 | 0 |
_aLa montaña mágica _cThomas Mann ; versión directa del alemán por Mario Verdaguer. |
| 260 |
_aMéxico D.F. _bEditorial Diana _c1945 |
||
| 300 |
_a975 p. _c21 cm. |
||
| 500 | _aAu762 | ||
| 500 | _aEstado físico :Ejemplar con lomo faltante y desprendiemiento de hojas. | ||
| 650 | 1 | 4 |
_aLiteratura Alemana _xNovela _924778 |
| 700 | 1 |
_aVerdaguer, Mario _d1885-1963 _etr. _924779 |
|
| 902 | _aGRL | ||
| 942 |
_2lcc _cB |
||
| 999 |
_c9543 _d9543 |
||